[Event "Dos Hermanas Internet qual-D 10th"]
[Site "ICC INT"]
[Date "2009.03.14"]
[Round "1"]
[White "Compton, Alistair"]
[Black "Kaufman, Raymond"]
[Result "0-1"]
[WhiteElo "2079"]
[BlackElo "2308"]
[PlyCount "64"]
[GameId "1166651600539648"]
[EventDate "2009.03.14"]
[EventType "swiss (blitz)"]
[EventRounds "12"]
[EventCountry "ESP"]
[SourceTitle "EXT 2010"]
[Source "ChessBase"]
[SourceDate "2009.11.30"]
[SourceVersion "1"]
[SourceVersionDate "2009.11.30"]
[SourceQuality "1"]

1. e4 c5 2. Nc3 e6 3. f4 Nc6 4. Nf3 d5 5. Bb5 dxe4 6. Bxc6+ bxc6 7. Nxe4 Nh6 8. d3 Nf5 9. O-O Be7 10. Kh1 O-O 11. Bd2 Ba6 12. b3 Nd4 13. Nxd4 cxd4 14. Qh5 Qd5 15. Qxd5 cxd5 16. Ng3 Rac8 17. Rac1 Rc6 18. Ne2 Bf6 19. f5 Rfc8 20. fxe6 fxe6 21. Nf4 Rxc2 22. Nxe6 Rxd2 23. Rxc8+ Bxc8 24. Nc5 Rc2 25. b4 a5 26. a3 axb4 27. axb4 Rb2 28. h3 Rxb4 29. Re1 Kf7 30. Ra1 Rb5 31. Ra7+ Kg6 32. Na4 Rb1+ 0-1

[Event "Dos Hermanas Internet qual-D 10th"]
[Site "ICC INT"]
[Date "2009.03.14"]
[Round "3"]
[White "Banikas, Hristos"]
[Black "Kaufman, Raymond"]
[Result "1-0"]
[WhiteElo "2582"]
[BlackElo "2308"]
[PlyCount "45"]
[GameId "1166651601522688"]
[EventDate "2009.03.14"]
[EventType "swiss (blitz)"]
[EventRounds "12"]
[EventCountry "ESP"]
[SourceTitle "EXT 2010"]
[Source "ChessBase"]
[SourceDate "2009.11.30"]
[SourceVersion "1"]
[SourceVersionDate "2009.11.30"]
[SourceQuality "1"]

1. d4 Nf6 2. c4 e6 3. Nf3 b6 4. g3 Bb7 5. Bg2 Be7 6. Nc3 Ne4 7. Bd2 O-O 8. Qc2 f5 9. Rd1 Nxc3 10. Bxc3 d6 11. d5 e5 12. O-O a5 13. Nxe5 dxe5 14. d6 Bxg2 15. dxe7 Qxe7 16. Kxg2 Nc6 17. Qb3 Kh8 18. Qb5 Qe6 19. Qd5 Rfe8 20. Qxe6 Rxe6 21. Rd7 Rc8 22. Rfd1 Kg8 23. f4 1-0

[Event "Dos Hermanas Internet qual-D 10th"]
[Site "ICC INT"]
[Date "2009.03.14"]
[Round "5"]
[White "Demaria, Juan Pablo"]
[Black "Kaufman, Raymond"]
[Result "0-1"]
[WhiteElo "2288"]
[BlackElo "2308"]
[PlyCount "98"]
[GameId "1166651602661376"]
[EventDate "2009.03.14"]
[EventType "swiss (blitz)"]
[EventRounds "12"]
[EventCountry "ESP"]
[SourceTitle "EXT 2010"]
[Source "ChessBase"]
[SourceDate "2009.11.30"]
[SourceVersion "1"]
[SourceVersionDate "2009.11.30"]
[SourceQuality "1"]

1. e4 c5 2. Nf3 e6 3. c3 d5 4. exd5 Qxd5 5. d4 Nf6 6. Be2 Nc6 7. O-O Be7 8. Na3 cxd4 9. Nb5 Qd8 10. Nbxd4 Nxd4 11. Nxd4 O-O 12. Nf3 Qc7 13. Bg5 Rd8 14. Qb3 e5 15. Bh4 Be6 16. Qc2 Nd5 17. Bg3 Bf6 18. a3 g6 19. Rad1 h6 20. Rfe1 Bg7 21. Bf1 Bf5 22. Qb3 Nf4 23. Rxd8+ Rxd8 24. Bc4 g5 25. h3 Rd7 26. Bxf4 gxf4 27. Bf1 e4 28. Nd4 Bxd4 29. cxd4 Rxd4 30. Qb5 Bg6 31. Qe8+ Kg7 32. h4 Rd2 33. Qb5 Qb6 34. Qe5+ Qf6 35. Qxf6+ Kxf6 36. b3 Ke5 37. Bc4 Kd4 38. a4 e3 39. fxe3+ fxe3 40. Rf1 Be4 41. Re1 Rxg2+ 42. Kf1 Rf2+ 43. Kg1 f5 44. Be2 Rg2+ 45. Kf1 f4 46. Bc4 f3 47. Re2 fxe2+ 48. Ke1 Bf3 49. Bb5 Rg1# 0-1

[Event "Dos Hermanas Internet qual-D 10th"]
[Site "ICC INT"]
[Date "2009.03.14"]
[Round "6"]
[White "Kaufman, Raymond"]
[Black "Nureev, Garun"]
[Result "0-1"]
[WhiteElo "2308"]
[BlackElo "2340"]
[PlyCount "108"]
[GameId "1166651603279872"]
[EventDate "2009.03.14"]
[EventType "swiss (blitz)"]
[EventRounds "12"]
[EventCountry "ESP"]
[SourceTitle "EXT 2010"]
[Source "ChessBase"]
[SourceDate "2009.11.30"]
[SourceVersion "1"]
[SourceVersionDate "2009.11.30"]
[SourceQuality "1"]

1. d4 g6 2. e4 Bg7 3. Nc3 a6 4. Nf3 b5 5. Bd3 d6 6. a4 b4 7. Ne2 Nf6 8. O-O O-O 9. Ng3 c5 10. c3 cxd4 11. cxd4 Nc6 12. h3 Bd7 13. Be3 Qb8 14. Qe2 Qb7 15. a5 Rfc8 16. Rfc1 Ne8 17. Bc4 Nc7 18. Bd3 d5 19. e5 Nd8 20. Bg5 Bf8 21. Qe3 Bb5 22. Bc2 Nde6 23. Bh6 Ne8 24. Bxf8 Kxf8 25. Qh6+ Kg8 26. h4 N8g7 27. h5 Qa7 28. hxg6 hxg6 29. Bxg6 fxg6 30. Qxg6 Be8 31. Qg4 Bf7 32. Ng5 Kf8 33. Nxf7 Kxf7 34. Nf5 Rh8 35. Nxg7 Nxg7 36. Qf3+ Ke6 37. Rc6+ Kd7 38. Qxd5+ Ke8 39. Rg6 Rd8 40. Qc6+ Kf8 41. Qf3+ Ke8 42. Qg4 Qxd4 43. g3 Qxg4 44. Rxg4 Nf5 45. Rf4 Rh1+ 46. Kg2 Nxg3 47. Rf5 Nh5 48. e6 Rh2+ 49. Kf3 Ng7 50. Rh5 Rd3+ 51. Ke2 Rxh5 52. Kxd3 Re5 53. Kd4 Rxe6 54. Rg1 Nf5+ 0-1

[Event "Dos Hermanas Internet qual-D 10th"]
[Site "ICC INT"]
[Date "2009.03.14"]
[Round "8"]
[White "Kaufman, Raymond"]
[Black "Torrallardona, Eduard"]
[Result "1-0"]
[WhiteElo "2308"]
[BlackElo "2134"]
[PlyCount "73"]
[GameId "1166651604213760"]
[EventDate "2009.03.14"]
[EventType "swiss (blitz)"]
[EventRounds "12"]
[EventCountry "ESP"]
[SourceTitle "EXT 2010"]
[Source "ChessBase"]
[SourceDate "2009.11.30"]
[SourceVersion "1"]
[SourceVersionDate "2009.11.30"]
[SourceQuality "1"]

1. b3 Nf6 2. Bb2 g6 3. Nf3 Bg7 4. e3 a5 5. a4 b6 6. Bb5 Bb7 7. O-O O-O 8. Na3 d6 9. Be2 Nbd7 10. d3 e5 11. Nc4 Nc5 12. d4 exd4 13. Bxd4 Ne6 14. Bb2 d5 15. Nce5 Ne4 16. Qc1 N6g5 17. Nxg5 Qxg5 18. f4 Qe7 19. Bd3 Nc5 20. Qe1 Rae8 21. Kh1 f6 22. Ng4 h5 23. Nf2 Qxe3 24. Bxg6 Qxe1 25. Raxe1 Rxe1 26. Rxe1 h4 27. Re7 Na6 28. Ng4 h3 29. gxh3 d4+ 30. Kg1 f5 31. Ne5 Bxe5 32. fxe5 f4 33. e6 f3 34. Bxd4 Nb4 35. Rg7+ Kh8 36. Rh7+ Kg8 37. Rh8# 1-0

[Event "Dos Hermanas Internet qual-D 10th"]
[Site "ICC INT"]
[Date "2009.03.14"]
[Round "9"]
[White "Lojanica, Milenko"]
[Black "Kaufman, Raymond"]
[Result "0-1"]
[WhiteElo "2124"]
[BlackElo "2308"]
[PlyCount "118"]
[GameId "1166651604680704"]
[EventDate "2009.03.14"]
[EventType "swiss (blitz)"]
[EventRounds "12"]
[EventCountry "ESP"]
[SourceTitle "EXT 2010"]
[Source "ChessBase"]
[SourceDate "2009.11.30"]
[SourceVersion "1"]
[SourceVersionDate "2009.11.30"]
[SourceQuality "1"]

1. e4 b6 2. d4 Bb7 3. Nc3 e6 4. f4 Bb4 5. Bd3 f5 6. Qe2 Nc6 7. Nf3 fxe4 8. Bxe4 Nf6 9. Bd3 O-O 10. O-O Kh8 11. a3 Bxc3 12. bxc3 Ne7 13. Bd2 Qe8 14. c4 Qh5 15. h3 Nf5 16. Qf2 Bxf3 17. gxf3 Qxh3 18. c3 Ng3 19. Qg2 Qxg2+ 20. Kxg2 Nxf1 21. Rxf1 Nh5 22. f5 exf5 23. Rh1 g6 24. d5 Rfe8 25. Kf2 Nf6 26. Bf4 d6 27. Be3 Kg7 28. Bd4 h5 29. Rg1 Kf7 30. Kg3 Nd7 31. Kh4 Ne5 32. Be2 Ng4 33. fxg4 Rxe2 34. gxf5 Re4+ 35. Kh3 Rg4 36. fxg6+ Kxg6 37. Rf1 Re8 38. Rf6+ Kg5 39. Rf7 Rxd4 40. cxd4 Re3+ 41. Kg2 Rxa3 42. Rxc7 Kg4 43. Rg7+ Kf4 44. Rh7 Ke4 45. Rh6 Kxd4 46. Rxd6 Kxc4 47. Rd7 a5 48. d6 Kc5 49. Rd8 Kc6 50. d7 Rd3 51. Rh8 Rxd7 52. Rxh5 b5 53. Kf3 b4 54. Ke3 Kb6 55. Ke2 Rc7 56. Kd2 b3 57. Rh8 Kb5 58. Rb8+ Ka4 59. Rb5 Kxb5 0-1

[Event "Dos Hermanas Internet qual-D 10th"]
[Site "ICC INT"]
[Date "2009.03.14"]
[Round "10"]
[White "Kaufman, Raymond"]
[Black "Marques, Joao Paulo Cassemir"]
[Result "0-1"]
[WhiteElo "2308"]
[BlackElo "1530"]
[PlyCount "100"]
[GameId "1166651605078016"]
[EventDate "2009.03.14"]
[EventType "swiss (blitz)"]
[EventRounds "12"]
[EventCountry "ESP"]
[SourceTitle "EXT 2010"]
[Source "ChessBase"]
[SourceDate "2009.11.30"]
[SourceVersion "1"]
[SourceVersionDate "2009.11.30"]
[SourceQuality "1"]

1. e4 e5 2. Nf3 Nc6 3. Bc4 Nf6 4. d3 Bc5 5. Be3 Bb6 6. O-O O-O 7. c3 d6 8. Nbd2 Be6 9. Bb3 Ng4 10. Bxb6 axb6 11. d4 exd4 12. cxd4 Bxb3 13. Qxb3 Qf6 14. Qc3 Ra5 15. h3 Nh6 16. a3 Rh5 17. Rac1 Qg6 18. Nh2 f5 19. exf5 Rfxf5 20. Rce1 Rfg5 21. g4 Rh4 22. Qg3 Nf5 23. Qf4 Nh6 24. Re8+ Qxe8 25. Qxg5 Rxh3 26. Kg2 Rd3 27. Qd5+ Qf7 28. Qxf7+ Nxf7 29. Nhf3 Nxd4 30. Rc1 c6 31. Nxd4 Rxd4 32. Nf3 Rxg4+ 33. Kh3 h5 34. Re1 Kf8 35. Nh2 Rf4 36. Re2 Ng5+ 37. Kg3 Rf7 38. f4 Nh7 39. Nf3 Nf6 40. Ng5 Re7 41. Ne6+ Kf7 42. f5 g6 43. Kf4 Nd5+ 44. Kg5 gxf5 45. Kxf5 h4 46. Ng5+ Ke8 47. Rh2 Re5+ 48. Kg6 Nf4+ 49. Kh6 h3 50. Nxh3 Rh5+ 0-1

[Event "Dos Hermanas Internet qual-D 10th"]
[Site "ICC INT"]
[Date "2009.03.14"]
[Round "11"]
[White "Benvenuti, Carlo"]
[Black "Kaufman, Raymond"]
[Result "0-1"]
[WhiteElo "2174"]
[BlackElo "2308"]
[PlyCount "158"]
[GameId "1166651605331968"]
[EventDate "2009.03.14"]
[EventType "swiss (blitz)"]
[EventRounds "12"]
[EventCountry "ESP"]
[SourceTitle "EXT 2010"]
[Source "ChessBase"]
[SourceDate "2009.11.30"]
[SourceVersion "1"]
[SourceVersionDate "2009.11.30"]
[SourceQuality "1"]

1. Nf3 Nf6 2. d3 g6 3. c3 d5 4. Bg5 Bg7 5. Nbd2 O-O 6. e4 c5 7. Be2 Nc6 8. O-O d4 9. c4 Ne8 10. h3 h6 11. Bh4 Nd6 12. Bg3 e5 13. a3 a5 14. Ne1 f5 15. Bf3 f4 16. Bh2 Qg5 17. Bg4 h5 18. Bxc8 Raxc8 19. Nef3 Qf6 20. h4 Qe7 21. Qb3 Kh8 22. Qb6 Nf7 23. Rfb1 Bf6 24. b3 g5 25. hxg5 Nxg5 26. Kf1 Rg8 27. Nxg5 Rxg5 28. Nf3 Rg7 29. Ke2 Rxg2 30. Rg1 Rcg8 31. Rxg2 Rxg2 32. Rh1 Kg7 33. Bg1 h4 34. Kf1 Rg6 35. Nh2 Qd7 36. Nf3 Qg4 37. Ke2 h3 38. Qxb7+ Ne7 39. Bh2 Qe6 40. b4 axb4 41. axb4 cxb4 42. Qxb4 Qa6 43. Qb2 Kh6 44. Qd2 Nc6 45. Bxf4+ exf4 46. Qxf4+ Kg7 47. Rxh3 Qa2+ 48. Kf1 Qb1+ 49. Ne1 Ne5 50. Qh2 Kf7 51. Rh7+ Rg7 52. Qh5+ Ke7 53. Rxg7+ Bxg7 54. Qg5+ Bf6 55. Qd2 Nf3 56. Qe2 Nxe1 57. Qxe1 Qxd3+ 58. Kg2 Qxc4 59. e5 Bg7 60. f4 Qd5+ 61. Kg3 d3 62. f5 Qxe5+ 63. Qxe5+ Bxe5+ 64. Kf3 d2 65. Ke2 Bf4 66. Kd1 Kf6 67. Ke2 Kxf5 68. Kd1 Ke4 69. Ke2 Kd4 70. Kd1 Ke3 71. Kc2 Ke2 72. Kc3 d1=Q 73. Kc4 Qd3+ 74. Kc5 Be5 75. Kc6 Qd6+ 76. Kb7 Qc5 77. Ka8 Bd6 78. Kb7 Qb5+ 79. Kc8 Qc6+ 0-1

[Event "Dos Hermanas Internet qual-D 10th"]
[Site "ICC INT"]
[Date "2009.03.14"]
[Round "12"]
[White "Kaufman, Raymond"]
[Black "Bueno, Alfeu Varela Jr"]
[Result "1-0"]
[WhiteElo "2308"]
[BlackElo "2254"]
[PlyCount "79"]
[GameId "1166651605872640"]
[EventDate "2009.03.14"]
[EventType "swiss (blitz)"]
[EventRounds "12"]
[EventCountry "ESP"]
[SourceTitle "EXT 2010"]
[Source "ChessBase"]
[SourceDate "2009.11.30"]
[SourceVersion "1"]
[SourceVersionDate "2009.11.30"]
[SourceQuality "1"]

1. e4 e6 2. d4 d5 3. Nd2 Nf6 4. e5 Nfd7 5. Bd3 c5 6. c3 Nc6 7. Ne2 cxd4 8. cxd4 f6 9. exf6 Nxf6 10. Nf3 Bd6 11. O-O Qb6 12. a3 O-O 13. b4 e5 14. dxe5 Nxe5 15. Nxe5 Bxe5 16. Be3 Qc7 17. h3 Bxa1 18. Qxa1 Be6 19. Nf4 Qd7 20. Nxe6 Qxe6 21. Bd4 Rac8 22. Re1 Qf7 23. Bf5 Rce8 24. Be5 Nd7 25. Bxd7 Qxd7 26. Qd4 Rf5 27. f4 g5 28. Rd1 gxf4 29. Bxf4 Re4 30. Qxe4 dxe4 31. Rxd7 Rxf4 32. Rxb7 Rf7 33. Rxf7 Kxf7 34. Kf2 Ke6 35. Ke3 Kd5 36. g4 Kc4 37. Kxe4 Kb3 38. Kd5 Kxa3 39. Kc4 Kb2 40. g5 1-0

[Event "USA-chT Amateur East"]
[Site "Parsippany"]
[Date "2010.02.13"]
[Round "2"]
[White "Sharp, Dale Eugene"]
[Black "Kaufman, Raymond"]
[Result "0-1"]
[WhiteElo "2031"]
[BlackElo "2265"]
[PlyCount "53"]
[GameId "1166652865929216"]
[EventDate "2010.02.13"]
[EventType "team-tourn"]
[EventRounds "6"]
[EventCountry "USA"]
[SourceTitle "CBM 135 Extra"]
[Source "ChessBase"]
[SourceDate "2010.05.04"]
[SourceVersion "1"]
[SourceVersionDate "2010.05.04"]
[SourceQuality "1"]

1. e4 c5 2. Nf3 d6 3. d4 cxd4 4. Nxd4 Nf6 5. Nc3 Nc6 6. Bg5 e6 7. Qd2 a6 8. O-O-O Bd7 9. f4 Be7 10. Qe1 Qc7 11. Nxc6 Bxc6 12. Bd3 Rc8 13. Qg3 h6 14. Bxf6 Bxf6 15. Rhe1 Bxc3 16. bxc3 O-O 17. f5 Qa5 18. f6 Qg5+ 19. Qxg5 hxg5 20. fxg7 Kxg7 21. c4 Rh8 22. h3 Rh4 23. Re3 Kf6 24. Kb2 Ke5 25. Kb3 Rch8 26. Kb4 g4 27. c5 0-1

[Event "Chicago op 19th"]
[Site "Wheeling"]
[Date "2010.05.29"]
[Round "5"]
[White "Kaufman, Raymond"]
[Black "Mulyar, Michael A"]
[Result "1/2-1/2"]
[WhiteElo "2286"]
[BlackElo "2398"]
[PlyCount "136"]
[GameId "1166653125488640"]
[EventDate "2010.05.27"]
[EventType "swiss"]
[EventRounds "9"]
[EventCountry "USA"]
[SourceTitle "CBM 136 Extra"]
[Source "ChessBase"]
[SourceDate "2010.07.02"]
[SourceVersion "2"]
[SourceVersionDate "2010.07.15"]
[SourceQuality "1"]

1. d4 d5 2. c4 c6 3. Nf3 Nf6 4. Qc2 e6 5. Nbd2 Nbd7 6. g3 Be7 7. Bg2 O-O 8. O-O b6 9. e4 Bb7 10. b3 dxe4 11. Nxe4 c5 12. Nxf6+ Bxf6 13. Ng5 Bxg5 14. Bxb7 Rb8 15. Bxg5 Qxg5 16. Bc6 Rfd8 17. Rad1 cxd4 18. Rxd4 Ne5 19. Rxd8+ Rxd8 20. Be4 Rd2 21. Qc3 Ng4 22. b4 h5 23. c5 bxc5 24. bxc5 Nf6 25. Bg2 Nd5 26. Qa5 Rc2 27. Qxa7 g6 28. h4 Qe5 29. c6 Kg7 30. Qd7 Nf6 31. Qd8 Ng4 32. Qb6 Qc3 33. a4 Ne5 34. a5 Nc4 35. Qd8 Nxa5 36. Rb1 Nxc6 37. Qc7 Ne5 38. Qxc3 Rxc3 39. Be4 Nc4 40. Rb8 Nd6 41. Bg2 Rc1+ 42. Kh2 Kf6 43. Rb6 Rd1 44. Ra6 Nc4 45. Bf3 Rd2 46. Kg2 Ne5 47. Ra1 Nd3 48. Rf1 Kf5 49. Bb7 e5 50. Kf3 Nc5 51. Bc8+ Kf6 52. Rc1 e4+ 53. Ke3 Rd3+ 54. Ke2 Nb3 55. Rc6+ Kg7 56. Rc7 Nd4+ 57. Kf1 Rd1+ 58. Kg2 Nf3 59. Re7 Rg1+ 60. Kh3 Ne1 61. Kh2 Rg2+ 62. Kh3 Rxf2 63. Rxe4 Nf3 64. g4 hxg4+ 65. Rxg4 Rc2 66. Bb7 f5 67. Rb4 Ne5 68. Kg3 Nd3 1/2-1/2

[Event "Leiden LCT op-A 4th"]
[Site "Leiden"]
[Date "2010.07.18"]
[Round "9"]
[White "Gofshtein, Leonid D"]
[Black "Kaufman, Raymond"]
[Result "1-0"]
[WhiteElo "2521"]
[BlackElo "2333"]
[PlyCount "69"]
[GameId "1166653278961664"]
[EventDate "2010.07.09"]
[EventType "swiss"]
[EventRounds "9"]
[EventCountry "NED"]
[SourceTitle "CBM 137 Extra"]
[Source "ChessBase"]
[SourceDate "2010.09.01"]
[SourceVersion "1"]
[SourceVersionDate "2010.09.01"]
[SourceQuality "1"]

1. Nf3 Nf6 2. c4 c5 3. Nc3 e6 4. g3 b6 5. Bg2 Bb7 6. O-O Be7 7. d4 cxd4 8. Qxd4 O-O 9. Rd1 Nc6 10. Qf4 Qb8 11. e4 d6 12. b3 Rd8 13. Bb2 a6 14. Qe3 Qa7 15. Nd4 Ng4 16. Qe2 Nxd4 17. Rxd4 Ne5 18. Rd2 Bc6 19. Ba3 b5 20. cxb5 axb5 21. Bb4 Qb6 22. Rad1 Be8 23. Qe1 h5 24. Ne2 h4 25. Nf4 Rac8 26. Qe2 Rc6 27. Nd3 Bf6 28. Nf4 Bg5 29. Qh5 f6 30. Qe2 hxg3 31. hxg3 Bf7 32. Bh3 Ng6 33. Nxg6 Bxg6 34. Bxe6+ Kf8 35. Rd5 1-0

[Event "Budapest FS08 IM-A"]
[Site "Budapest"]
[Date "2010.08.07"]
[Round "1"]
[White "Kaufman, Raymond"]
[Black "Zhao, Parker Bi Guang"]
[Result "0-1"]
[WhiteElo "2333"]
[BlackElo "2267"]
[PlyCount "106"]
[GameId "1166653417607168"]
[EventDate "2010.08.07"]
[EventType "tourn"]
[EventRounds "9"]
[EventCountry "HUN"]
[SourceTitle "CBM 137 Extra"]
[Source "ChessBase"]
[SourceDate "2010.09.01"]
[SourceVersion "1"]
[SourceVersionDate "2010.09.01"]
[SourceQuality "1"]

1. d4 d5 2. c4 c6 3. Nf3 Nf6 4. Qc2 dxc4 5. Qxc4 Bg4 6. Nbd2 Nbd7 7. g3 Qc7 8. Bg2 Rd8 9. O-O e5 10. Qc2 Be7 11. Nc4 Bxf3 12. exf3 Nd5 13. dxe5 Nxe5 14. Nxe5 Qxe5 15. f4 Qc7 16. b3 O-O 17. Bb2 Nb4 18. Qe2 Nd3 19. Bc3 Bb4 20. Bxb4 Nxb4 21. Rad1 Rxd1 22. Rxd1 Rd8 23. Rd4 Nd5 24. Qd2 Qd7 25. h4 h6 26. b4 Qf5 27. Be4 Qe6 28. Kh2 Rd7 29. b5 Nf6 30. bxc6 bxc6 31. Rxd7 Nxd7 32. Bf3 c5 33. a4 Qe7 34. a5 Nf6 35. a6 c4 36. Qc3 Qc5 37. Kg2 Ne8 38. Kg1 Nd6 39. Kf1 Qb6 40. Qa3 Qd4 41. Qb4 Qa1+ 42. Qe1 Qxe1+ 43. Kxe1 Kf8 44. Kd2 Ke7 45. Kc3 Kd7 46. Bd5 Kc7 47. g4 Kb6 48. g5 Kc5 49. f5 Kxd5 50. f6 Ne4+ 51. Kc2 Nxf6 52. gxf6 gxf6 53. Kc3 Kc5 0-1

[Event "Budapest FS08 IM-A"]
[Site "Budapest"]
[Date "2010.08.14"]
[Round "8"]
[White "Kaufman, Raymond"]
[Black "Adams, Nick A"]
[Result "1/2-1/2"]
[WhiteElo "2333"]
[BlackElo "2244"]
[PlyCount "29"]
[GameId "1166653417750528"]
[EventDate "2010.08.07"]
[EventType "tourn"]
[EventRounds "9"]
[EventCountry "HUN"]
[SourceTitle "CBM 137 Extra"]
[Source "ChessBase"]
[SourceDate "2010.09.01"]
[SourceVersion "1"]
[SourceVersionDate "2010.09.01"]
[SourceQuality "1"]

1. d4 d5 2. c4 e6 3. Nc3 c5 4. cxd5 exd5 5. Nf3 Nc6 6. g3 Nf6 7. Bg2 cxd4 8. Nxd4 Be7 9. O-O O-O 10. Bg5 h6 11. Be3 Re8 12. Qa4 Na5 13. Rad1 Nc4 14. Bc1 Nb6 15. Qc2 1/2-1/2

[Event "Kecskemet Caissa IM 08"]
[Site "Kecskemet"]
[Date "2010.08.21"]
[Round "1"]
[White "Battey, Alexander"]
[Black "Kaufman, Raymond"]
[Result "1/2-1/2"]
[WhiteElo "2150"]
[BlackElo "2333"]
[PlyCount "60"]
[GameId "1166653480779776"]
[EventDate "2010.08.21"]
[EventType "tourn"]
[EventRounds "9"]
[EventCountry "HUN"]
[EventCategory "1"]
[SourceTitle "CBM 138 Extra"]
[Source "ChessBase"]
[SourceDate "2010.10.29"]
[SourceVersion "1"]
[SourceVersionDate "2010.10.29"]
[SourceQuality "1"]

1. e4 c5 2. c3 Nf6 3. e5 Nd5 4. d4 cxd4 5. Nf3 Nc6 6. cxd4 d6 7. Bc4 Nb6 8. Bb3 d5 9. Nh4 e6 10. Nf3 f6 11. Nc3 fxe5 12. dxe5 Bc5 13. Bg5 Qd7 14. Rc1 O-O 15. O-O Be7 16. Be3 Qe8 17. Nb5 Qh5 18. Nfd4 Qxd1 19. Rfxd1 Bd7 20. f4 Nxd4 21. Nxd4 Rac8 22. Rxc8 Rxc8 23. f5 Bc5 24. fxe6 Bxe6 25. Bf2 Bg4 26. Rc1 Kf7 27. Rf1 Kg8 28. h3 Bd7 29. Rc1 Kf7 30. Rf1 Kg8 1/2-1/2

[Event "Kecskemet Caissa IM 08"]
[Site "Kecskemet"]
[Date "2010.08.22"]
[Round "2"]
[White "Kaufman, Raymond"]
[Black "Sarosi, Zoltan"]
[Result "1/2-1/2"]
[WhiteElo "2333"]
[BlackElo "2320"]
[PlyCount "20"]
[GameId "1166653480792064"]
[EventDate "2010.08.21"]
[EventType "tourn"]
[EventRounds "9"]
[EventCountry "HUN"]
[EventCategory "1"]
[SourceTitle "CBM 138 Extra"]
[Source "ChessBase"]
[SourceDate "2010.10.29"]
[SourceVersion "1"]
[SourceVersionDate "2010.10.29"]
[SourceQuality "1"]

1. e4 g6 2. d4 Bg7 3. Nc3 c6 4. Nf3 d5 5. h3 dxe4 6. Nxe4 Nd7 7. Bc4 Ngf6 8. Nxf6+ Nxf6 9. Be3 O-O 10. Ne5 Bf5 1/2-1/2

[Event "Kecskemet Caissa IM 08"]
[Site "Kecskemet"]
[Date "2010.08.23"]
[Round "3"]
[White "Balazs, Gabor1"]
[Black "Kaufman, Raymond"]
[Result "1/2-1/2"]
[WhiteElo "2353"]
[BlackElo "2333"]
[PlyCount "116"]
[GameId "1166653480816640"]
[EventDate "2010.08.21"]
[EventType "tourn"]
[EventRounds "9"]
[EventCountry "HUN"]
[EventCategory "1"]
[SourceTitle "CBM 138 Extra"]
[Source "ChessBase"]
[SourceDate "2010.10.29"]
[SourceVersion "1"]
[SourceVersionDate "2010.10.29"]
[SourceQuality "1"]

1. d4 d5 2. c4 e6 3. Nc3 c5 4. cxd5 exd5 5. Nf3 Nc6 6. g3 Nf6 7. Bg2 Be7 8. O-O O-O 9. dxc5 Bxc5 10. Na4 Be7 11. Be3 Bg4 12. Rc1 Qd7 13. Bc5 Rfe8 14. Re1 Qf5 15. Nd4 Qh5 16. f3 Bh3 17. Nxc6 bxc6 18. Bxe7 Rxe7 19. Rxc6 Bd7 20. Rc1 Qe5 21. Nc3 Qe3+ 22. Kh1 d4 23. Ne4 Rxe4 24. fxe4 Ng4 25. Rf1 Nf2+ 26. Rxf2 Qxf2 27. Qg1 Qxe2 28. Qxd4 Bg4 29. Rf1 h5 30. Qf2 Qxf2 31. Rxf2 Rc8 32. h3 Be6 33. a3 Rc1+ 34. Kh2 Kf8 35. h4 Ke7 36. Bh3 Re1 37. Bg2 Rc1 38. Bf3 g6 39. e5 a5 40. Rd2 Re1 41. Re2 Rc1 42. Be4 Bb3 43. Kg2 Ke6 44. Kf2 Rc5 45. Bg2 Rxe5 46. Rxe5+ Kxe5 47. Ke3 f6 48. Bf3 a4 49. Bc6 f5 50. Be8 Kf6 51. Kd4 Bd1 52. Ke3 Bc2 53. Kd2 Bb3 54. Kc3 Bd1 55. Kd4 Bc2 56. Bb5 Bb3 57. Be2 Bc2 58. Bf3 Bb3 1/2-1/2

[Event "Kecskemet Caissa IM 08"]
[Site "Kecskemet"]
[Date "2010.08.24"]
[Round "4"]
[White "Kaufman, Raymond"]
[Black "Antal, Tibor Kende"]
[Result "1/2-1/2"]
[WhiteElo "2333"]
[BlackElo "2175"]
[PlyCount "43"]
[GameId "1166653480837120"]
[EventDate "2010.08.21"]
[EventType "tourn"]
[EventRounds "9"]
[EventCountry "HUN"]
[EventCategory "1"]
[SourceTitle "CBM 138 Extra"]
[Source "ChessBase"]
[SourceDate "2010.10.29"]
[SourceVersion "1"]
[SourceVersionDate "2010.10.29"]
[SourceQuality "1"]

1. d4 d5 2. c4 e6 3. Nf3 c6 4. g3 Nf6 5. Bg2 Nbd7 6. Qc2 dxc4 7. Qxc4 Bd6 8. O-O O-O 9. Nc3 Qe7 10. e4 e5 11. dxe5 Nxe5 12. Nxe5 Bxe5 13. f4 Bd6 14. Qe2 Bb4 15. Kh1 Qc5 16. Qd2 b5 17. e5 Ng4 18. Qe2 Bxc3 19. bxc3 h5 20. Re1 Nf2+ 21. Kg1 Nh3+ 22. Kh1 1/2-1/2

[Event "Kecskemet Caissa IM 08"]
[Site "Kecskemet"]
[Date "2010.08.26"]
[Round "6"]
[White "Kaufman, Raymond"]
[Black "Kislik, Erik Andrew"]
[Result "1/2-1/2"]
[WhiteElo "2333"]
[BlackElo "2329"]
[PlyCount "36"]
[GameId "1166653480878080"]
[EventDate "2010.08.21"]
[EventType "tourn"]
[EventRounds "9"]
[EventCountry "HUN"]
[EventCategory "1"]
[SourceTitle "CBM 138 Extra"]
[Source "ChessBase"]
[SourceDate "2010.10.29"]
[SourceVersion "1"]
[SourceVersionDate "2010.10.29"]
[SourceQuality "1"]

1. e4 e5 2. Nf3 Nc6 3. Bb5 a6 4. Ba4 Nf6 5. O-O Nxe4 6. d4 b5 7. Bb3 d5 8. dxe5 Be6 9. Be3 Be7 10. c3 Na5 11. Nd4 O-O 12. Nd2 Nxd2 13. Qxd2 Nc4 14. Nxe6 fxe6 15. Bxc4 bxc4 16. b3 cxb3 17. axb3 c5 18. f4 a5 1/2-1/2

[Event "Kecskemet Caissa IM 08"]
[Site "Kecskemet"]
[Date "2010.08.28"]
[Round "8"]
[White "Lizak, Peter"]
[Black "Kaufman, Raymond"]
[Result "0-1"]
[WhiteElo "2337"]
[BlackElo "2333"]
[PlyCount "56"]
[GameId "1166653480927232"]
[EventDate "2010.08.21"]
[EventType "tourn"]
[EventRounds "9"]
[EventCountry "HUN"]
[EventCategory "1"]
[SourceTitle "CBM 138 Extra"]
[Source "ChessBase"]
[SourceDate "2010.10.29"]
[SourceVersion "1"]
[SourceVersionDate "2010.10.29"]
[SourceQuality "1"]

1. c4 c5 2. g3 g6 3. Bg2 Bg7 4. Nc3 Nc6 5. e3 Nf6 6. Nge2 h5 7. h3 d6 8. d4 O-O 9. O-O Bd7 10. Kh2 a6 11. a3 Rb8 12. dxc5 dxc5 13. Nf4 b5 14. Nd3 Qb6 15. Nd5 Nxd5 16. cxd5 Na5 17. e4 Nc4 18. Rb1 e6 19. b3 Nd6 20. Be3 Bd4 21. Bxd4 cxd4 22. e5 Nf5 23. d6 Rbc8 24. b4 Rc3 25. Nc5 Bc6 26. Bxc6 Qxc6 27. Rb3 Rc4 28. Qd3 Kg7 0-1